| 000 | 01325nam0a22003011 4500 | ||
|---|---|---|---|
| 001 | rc\3141794 | ||
| 005 | 20250530082930.0 | ||
| 021 |
_aRU _b[75-73350] |
||
| 035 | _a(NLR Aleph) 007318771 | ||
| 090 |
_a5887340 _c5887340 |
||
| 100 | _a20120615d1975 |||y0rusy50 ca | ||
| 101 | 1 |
_arus _cger |
|
| 102 | _aRU | ||
| 105 | _aa z ||||| | ||
| 200 | 1 |
_aВведение в экспериментальные основы современной патологии сердечной мышцы _fА. Хехт _gПер. с нем. Н.П. Лебковой |
|
| 210 |
_aМосква _cМедицина _d1975 |
||
| 215 |
_a503 с. _cил. _d22 |
||
| 311 | _aПер. изд.: Einführung in experimentelle Grundlagen moderner Herzmuskelpathologie / Arno Hecht (Jena, 1970) | ||
| 320 | _aСписок лит.: с. 473-503 | ||
| 454 | 0 |
_12001#$aEinführung in experimentelle Grundlagen moderner Herzmuskelpathologie$fArno Hecht _1210##$aJena$d1970 _1700#1$aHecht$bA.$gArno _tEinführung in experimentelle Grundlagen moderner Herzmuskelpathologie _aHecht, Arno |
|
| 606 |
_aКардиология экспериментальная _2psbo |
||
| 700 | 1 |
_aХехт _bА. _gАрно |
|
| 702 | 1 |
_aЛебкова _bН.П. _4730 |
|
| 801 | 0 |
_aRU _bNLR _gpsbo |
|
| 801 | 1 |
_aRU _bELAR _2rusmarc |
|
| 852 |
_aNLR _j75-3/6299 |
||
| 942 | _cBOOK | ||
| 980 | _aNB | ||